000 00819nam a2200241Ia 4500
003 GCL
005 20240530101904.0
008 140319s9999 xx 000 0 ara d
040 _aGCL /
_cGCL
082 0 4 _a301.35
_bف ق
100 1 _aفتحى عبدالفتاح
245 1 0 _aالقرية المصرية : الملكية وعلاقات الانتاج - القرية المعاصرة بين الاصلاح والثورة 1970-1952 /
_cفتحى عبدالفتاح
260 _a[S.N] :
_bالهيئة المصرية العامة للكتاب ،
_c1990
300 _a475 ص
650 0 4 _aمصر
650 0 4 _aالمجتمع
650 0 4 _aالثقافة
650 0 4 _aالملكية
650 0 4 _aالاجتماع
650 0 4 _aالانتاج
650 0 4 _aالمجتمع القروى
942 _2ddc
_cBK
999 _c28486
_d28486